| 000 | 00695nam a2200181 a 4500 | ||
|---|---|---|---|
| 001 | 000265019 | ||
| 003 | AM-YeHGA | ||
| 005 | 20250618071751.0 | ||
| 008 | 030923s1957 ||| 000 | arm d | ||
| 040 | _aAM-YeHGA | ||
| 100 | 1 |
_aԵսայան, Զապել Մկրտչի, _d1878-1941 _91885 |
|
| 245 | 1 | 0 |
_aԱւերակներուն մէջ / _cԶ. Եսայեան; Առաջաբ.՝ Ա. Ծառուկեան. |
| 260 |
_aՊէյրութ : _bտպ. Էտվան, _c1957. |
||
| 300 |
_a226 էջ : _b1 թ. դիմանկ. ; _c22 սմ. |
||
| 650 | 1 | 4 |
_aՀայ գրականություն _xՎիպակ |
| 700 | 1 |
_aԾառուկյան, Անդրանիկ Թորոսի, _d1913-1989 _eառաջաբ. _4aui _91536 |
|
| 090 | _c97528 | ||
| 999 |
_c96223 _d96223 |
||